| 000 | 00000nam##2200000za#4500 |
| 001 | 9.663309 |
| 003 | CaOODSP |
| 005 | 20240913100949 |
| 007 | ta |
| 008 | 150407|2001||||xxc||||| f|0| 0 eng|d |
| 020 | |a0-662-66168-0 |
| 040 | |aCaOODSP|beng |
| 041 | |aeng |
| 041 | |afre |
| 043 | |an-cn--- |
| 086 | 1 |aRH4-14/2001-1 |
| 110 | 1 |aCanada. |bHuman Resources Development Canada. |
| 245 | 10|aGovernment of Canada interim response : |bStanding Committee on Human Resources Development and the Status of Persons with Disabilities interim report "Access to higher education and training" |
| 260 | |aOttawa - Ontario : |bHuman Resources Development Canada |c2001. |
| 300 | |aEnglish text, 18p. ; |c28 cm. |
| 546 | |aBilingual |
| 563 | |aSoftcover |
| 590 | |a01-47|b2001-11-23 |
| 690 | 07|aPostsecondary education|2gcpds |
| 690 | 07|aVocational training|2gcpds |
| 690 | 07|aPersons with disabilities|2gcpds |
| 776 | 0#|tGovernment of Canada interim response, Standing Committee on Human Resources Development and the Status of Persons with Disabilities interim report : |w(CaOODSP)9.943190 |
| 792 | |tRéponse provisoire du gouvernement du Canada : |efre|w(CaOODSP)9.663310 |